|
|
|
|
| LEADER |
00948nam a22002177a 4500 |
| 001 |
AAL4014 |
| 003 |
BD-DhAAL |
| 005 |
20160713105453.0 |
| 008 |
160713s 1996bg a|||| |||| 00| 0 ben d |
| 040 |
|
|
|a BD-DhAAL
|c BD-DhAAL
|
| 082 |
|
|
|a 345
|
| 100 |
|
|
|a মিয়া, ছিদ্দিকুর রহমান
|9 19844
|
| 245 |
|
|
|a ফৌজদারী কার্যবিধি সারগ্রন্থ /
|c ছিদ্দিকুর রহমান মিয়া
|
| 260 |
|
|
|a ঢাকা :
|b আলীগড় লাইব্রেরী,
|c ১৯৯৬
|
| 300 |
|
|
|a ৩৫৭ পৃ. :
|b চিত্র ;
|c ২২ সে.মি.
|
| 541 |
|
|
|e 4014
|
| 650 |
|
|
|a Criminal Law
|9 19845
|
| 852 |
|
|
|a Savar Campus Library
|c General Shelf
|
| 942 |
|
|
|2 ddc
|c BK
|
| 999 |
|
|
|c 37658
|d 37658
|
| 952 |
|
|
|0 0
|1 0
|2 ddc
|4 0
|6 345_000000000000000_MIA
|7 0
|9 59227
|a SCL
|b SCL
|c GEN
|d 2016-07-13
|g 350.00
|l 1
|o 345 MIA
|p 3020004014
|r 2022-03-27
|s 2022-03-27
|t 1
|w 2016-07-13
|y BK
|